Polscy Youtuberzy - Statystyki

Ogólne statystyki
  • Ten quiz został rozwiązany 131 razy
  • Średni wynik to 5 z 9
Statystyki odpowiedzi
Hint Odpowiedź % Poprawnych
Ma własną ekipe, jest popularny Friz
98%
komentuje paradokumenty Naruciak
66%
Nagrywał Minecraft, odszedł z internetu Stuu
66%
Kiedyś nagrywał na YT teraz robi
muzyke
multi
62%
Nagrywa GTA5, ma ekipe kaluch
52%
Nagrywa Fortnite Jacob
48%
Nagrywał kiedyś Minecraftteraz vlogi, ma własną ekipe rezigiusz
39%
Nagrywają krótkie filmy fabularne są dość popularni pierwsza litera to w waksy
36%
Nagrywał CSGO odszedł z internetu. SkyeN
14%
Nie znaleziono quizów pasujących do podanych kryteriów
Rozkład punktacji
Procent ludzi z każdym wynikiem
Percentyl według liczby udzielonych odpowiedzi
Twoja historia wyników
Nie rozwiązałeś tego quizu